Normal view
MARC view
- Phases of Engineering
Entry Topical Term
001 - CONTROL NUMBER
- control field: 100404
003 - CONTROL NUMBER IDENTIFIER
- control field: NUST
005 - DATE AND TIME OF LATEST TRANSACTION
- control field: 20221017113249.0
008 - FIXED-LENGTH DATA ELEMENTS
- fixed length control field: 221017|| aca||aabn | a|a d
040 ## - CATALOGING SOURCE
- Original cataloging agency: NUST
- Transcribing agency: NUST
150 ## - HEADING--TOPICAL TERM
- Topical term or geographic name entry element: Phases of Engineering
670 ## - SOURCE DATA FOUND
- Source citation: Work cat.: (NUST)183263: D T Canfield 40125, Business Legal and Ethical Phases of Engineering /, 1954
